Histoire de l'Art depuis les premiers temps chrétiens jusqu'a nos jours / (Record no. 94163)
[ view plain ]
| 000 -LEADER | |
|---|---|
| campo de control de longitud fija | 01133nam a2200193 i 4500 |
| 001 - NÚMERO DE CONTROL | |
| campo de control | 94163 |
| 003 - IDENTIFICADOR DE NÚMERO DE CONTROL | |
| campo de control | ES-MaACL |
| 005 - FECHA Y HORA DE LA ÚLTIMA TRANSACCIÓN | |
| campo de control | 20250830063057.0 |
| 007 - CAMPO FIJO DE DESCRIPCIÓN FÍSICA--INFORMACIÓN GENERAL | |
| campo de control de longitud fija | t| |
| 008 - DATOS DE LONGITUD FIJA--INFORMACIÓN GENERAL | |
| campo de control de longitud fija | 050628m19051925fr ||||1| fre d |
| 100 1# - ENTRADA PRINCIPAL--NOMBRE DE PERSONA | |
| Nombre de persona | Michel, André, |
| Fechas asociadas al nombre | 1853-1925 |
| 9 (RLIN) | 80889 |
| 245 10 - MENCIÓN DEL TÍTULO | |
| Título | Histoire de l'Art depuis les premiers temps chrétiens jusqu'a nos jours / |
| Mención de responsabilidad, etc. | publiée sous la direction de André Michel. |
| 260 ## - PUBLICACIÓN, DISTRIBUCIÓN, ETC. | |
| Lugar de publicación, distribución, etc. | Paris : |
| Nombre del editor, distribuidor, etc. | [s.n.], |
| Fecha de publicación, distribución, etc. | 1905-1925. |
| 300 ## - DESCRIPCIÓN FÍSICA | |
| Extensión | 16 v. ; |
| Dimensiones | 29 cm. |
| 505 8# - NOTA DE CONTENIDO CON FORMATO | |
| Nota de contenido con formato | Contiene: T. 1. Des débuts de l'art chrétien a la fin de la periode romane (2 vols.) -- t. 2. Formation, expansion et évolution de l'Art gothique (2 vols.) -- t. 3. Le Réalisme-Les débuts de la Renaissance (2 vols.) -- t. 4. La Renaissance (2 vols.) -- t. 5. La Rénaissance dans les pays du Nord. Formation de l'Art classique moderne (2 vols.) - t. 6. L'Art en Europe au XVIIe siècle (2 vols.) -- t. 7. L'Art en Europe au XVIIIe siècle (2 vols.) -- t. 8. L'art en Europe et en Amérique au XIXe siècle et au début du XXe (2 vols.). |
| 650 04 - PUNTO DE ACCESO ADICIONAL DE MATERIA--TÉRMINO DE MATERIA | |
| Término de materia o nombre geográfico como elemento de entrada | Arte- |
| Subdivisión de forma | Historia |
| 9 (RLIN) | 10107 |
| 852 ## - LOCALIZACIÓN | |
| Ubicación | ES-MaACL |
| Número de control de estantería | C-19929-44 |
| Estatus retirado | Estado de pérdida | Estado de daño | No para préstamo | Biblioteca de origen | Biblioteca actual | Ubicación en estantería | Fecha de adquisición | Fuente de adquisición | Total de préstamos | Signatura topográfica completa | Código de barras | Visto por última vez | Precio de reemplazo | Tipo de ítem Koha |
|---|---|---|---|---|---|---|---|---|---|---|---|---|---|---|
| Biblioteca del Ateneo de Madrid | Biblioteca del Ateneo de Madrid | Mesetón | 17/01/2008 | C-19929-44 | 1098349 | 23/02/2023 | 23/02/2023 | Libro impreso |
